000
00232nam a2200121Ia 4500
100
_a
#N/A
942
_c
BK
245
_a
My SQL 5.1 FOR PROFESSIONALS BY SPD
260
_b
#N/A
082
_b
21933
546
_a
ENGLISH
999
_c
26221
_d
26221